Quizzes
Events
Quiz Creation
Community
Videos
Private Events
Remove Ads
Sign In
Join for FREE
Feedback
Dark Mode
Quiz Categories
Sports
Geography
Music
Movies
Television
Just For Fun
Miscellaneous
History
Literature
Language
Science
Gaming
Entertainment
Religion
Holiday
For Kids
Quiz Lab
Recent
Popular Today
Quiz Kudos Today
Editor Picks
Curator Picks
Quizzes by...
Day
Popularity
Type
Ratings
Length
Year
Community
Subscriptions
Recent Discussions
Orange Saloon
Badges
Playlists
Quests
Create
Leaderboards
Showdown
Live 5
Trivia Bingo
Activity
Puzzle Library
Sporcle Events
Private Events
Virtual Trivia
Globe League
Become a Host
Pub Owners
SporcleCon
Opinionation
Our Games
Videos
Blog
Mobile Apps
Partnerships
Remove Ads and Go Orange
Feedback
Gaming
Video Games
Board Games
Card Games
Pokémon
Mario
Nintendo
Minecraft
Console
Toys
Legend of Zelda
Gaming
Video Games
Board Games
Card Games
Pokémon
Mario
Nintendo
Minecraft
Console
Toys
Legend of Zelda
Random Quiz
Search Sporcle
×
Quiz Lab
Quiz Lab
Gaming
Ability
Type in answers that appear in a list
Type in answers that appear in a list
Classic
Best Score? Go Orange.
League of Legends Champions by 'Q' Ability (Patch 5.2) Stats
Can you name the League of Legends Champions by 'Q' Ability?
By
GuyDude
20m
123 Questions
22 Plays
22 Plays
22 Plays
Comments
Comments
Give Quiz Kudos
Give Quiz Kudos
-
- Ratings
hide this ad
Forced Order
Answers have to be entered in order
Answers have to be entered in order
Random Order
Randomize order of answers
Randomize order of answers
Replay
Link that replays current quiz
Next Quiz
Link to next quiz in quiz playlist
You Got
0%
They Got
Avg Score
79%
Avg Friend Score
Upgrade to see
Score Distribution
Jump to the score distribution portion of the page
Score
0/123
Timer
20:00
0
Plays Today
'Q' Ability
Champion
% Correct
Mace of Spades
Mordekaiser
95.5%
Time Bomb
Zilean
95.5%
Rocket Grab
Blitzcrank
90.9%
Parrrley
Gangplank
90.9%
H-
28G Evolution Turret
Heimerdinger
90.9%
Null Sphere
Kassadin
90.9%
Bouncing Blades
Katarina
90.9%
Thundering Shuriken
Kennen
90.9%
Glitterlance
Lulu
90.9%
Light Binding
Lux
90.9%
Dark Binding
Morgana
90.9%
Aqua Prison
Nami
90.9%
Javelin Toss/
Takedown
Nidalee
90.9%
Deceive
Shaco
90.9%
Poison Trail
Singed
90.9%
Blinding Dart
Teemo
90.9%
Wild Cards
Twisted Fate
90.9%
Bouncing Bomb
Ziggs
90.9%
Mark of the Assasin
Akali
86.4%
Flash Frost
Anivia
86.4%
Piltover Peacemaker
Caitlyn
86.4%
Crescent Strike
Diana
86.4%
Infected Cleaver
Dr. Mundo
86.4%
Hate Spike
Evelynn
86.4%
Mystic Shot
Ezreal
86.4%
Terrify
Fiddlesticks
86.4%
Lunge
Fiora
86.4%
Urchin Strike
Fizz
86.4%
Boomerang Throw/
Boulder Toss
Gnar
86.4%
Barrel Roll
Gragas
86.4%
Buckshot
Graves
86.4%
Sonic Wave/
Resonating Strike
Lee Sin
86.4%
Shield of Daybreak
Leona
86.4%
Ice Shard
Lissandra
86.4%
Seismic Shard
Malphite
86.4%
Alpha Strike
Master Yi
86.4%
Boomerang Blade
Sivir
86.4%
Crystal Slash
Skarner
86.4%
Starcall
Soraka
86.4%
Tiger Stance
Udyr
86.4%
Tumble
Vayne
86.4%
'Q' Ability
Champion
% Correct
Vault Breaker
Vi
86.4%
Transfusion
Vladimir
86.4%
Omen of War
Yorick
86.4%
Orb of Deception
Ahri
81.8%
Bandage Toss
Amumu
81.8%
Frost Shot
Ashe
81.8%
Conquering Sands
Azir
81.8%
Rupture
Cho'Gath
81.8%
Phosphorus Bomb
Corki
81.8%
Spinning Axe
Draven
81.8%
Neurotoxin/
Venomous Bite
Elise
81.8%
Bladesurge
Irelia
81.8%
Howling Gale
Janna
81.8%
To the Skies!/
Shock Blast
Jayce
81.8%
Switcheroo!
Jinx
81.8%
Lay Waste
Karthus
81.8%
Caustic Spittle
Kog'Maw
81.8%
Sigil of Malice
LeBlanc
81.8%
Piercing Light
Lucian
81.8%
Siphoning Strike
Nasus
81.8%
Consume
Nunu
81.8%
Command: Attack
Orianna
81.8%
Blinding Assault
Quinn
81.8%
Powerball
Rammus
81.8%
Flamespitter
Rumble
81.8%
Hymn of Valor
Sona
81.8%
Dark Sphere
Syndra
81.8%
Death Sentence
Thresh
81.8%
Rapid Fire
Tristana
81.8%
Chomp
Trundle
81.8%
Piercing Arrow
Varus
81.8%
Rolling Thunder
Volibear
81.8%
Arcanopulse
Xerath
81.8%
Three Talon Strike
Xin Zhao
81.8%
Razor Shuriken
Zed
81.8%
Deadly Bloom
Zyra
81.8%
Sear
Brand
77.3%
Leap Strike
Jax
77.3%
Taste Their Fear
Kha'Zix
77.3%
Call of the Void
Malzahar
77.3%
Duskbringer
Nocturne
77.3%
'Q' Ability
Champion
% Correct
Spear Shot
Pantheon
77.3%
Queen's Wrath/
Prey Seeker
Rek'Sai
77.3%
Broken Wings
Riven
77.3%
Twin Bite
Shyvana
77.3%
Ambush
Twitch
77.3%
Acid Hunter
Urgot
77.3%
Hungering Strike
Warwick
77.3%
Dark Flight
Aatrox
72.7%
Pulverize
Alistar
72.7%
Winter's Bite
Braum
72.7%
Noxious Blast
Cassiopeia
72.7%
Decisive Strike
Garen
72.7%
Dragon Strike
Jarvan IV
72.7%
Arcane Smash
Maokai
72.7%
Dredge Line
Nautilus
72.7%
Undertow
Olaf
72.7%
Cull the Meek
Renekton
72.7%
Overload
Ryze
72.7%
Arctic Assault
Sejuani
72.7%
Noxian Diplomacy
Talon
72.7%
Stretching Strike
Zac
72.7%
Disintegrate
Annie
68.2%
Decimate
Darius
68.2%
Resolute Smite
Galio
68.2%
Inner Flame
Karma
68.2%
Double Up
Miss Fortune
68.2%
Vorpal Blade
Shen
68.2%
Imbue
Taric
68.2%
Baleful Strike
Veigar
68.2%
Siphon Power
Viktor
68.2%
Pierce
Kalista
63.6%
Reckoning
Kayle
63.6%
Steel Tempest
Yasuo
63.6%
Devastating Blow
Poppy
59.1%
Savagery
Rengar
59.1%
Decrepify
Swain
59.1%
Plasma Fission
Vel'Koz
59.1%
Decimating Smash
Sion
54.5%
Crushing Blow
Wukong
54.5%
Rampage
Hecarim
50%
Bloodlust
Tryndamere
50%
Quiz Playlist
Details
Report
Send in Message
Add To Playlist
Classic:
Type in answers that appear in a list
Forced Order:
Answers have to be entered in order
Random Order:
Randomize order of answers
Quiz Source
Last Updated: Feb 16, 2017
Quiz Scoreboard
CHALLENGE
Sign Up to Join the Scoreboard
Show All
Scores
Hide
Comments
May contain spoilers
Recently Published
Popular People in 1961
by mucciniale
History
6m
1-10 Letter E Words III
by El_Dandy
Language
2m
One Thing in Common: World Cities II
by knightlancer
Geography
7m
More to Explore
Quiz From the Vault
Featured Blog Post
Where Did the Easter Bunny Come From?
hide this ad
You Might Also Like...
Tags
Ability
champion
League
legend
Legends Champions
Today's Top Quizzes in Gaming
Browse Gaming
hide this ad
Today's Top Quizzes in Ability
Browse Ability
Top Contributed Quizzes in Gaming
1
Destiny 2 exotic weapons by perk icons
2
Who's on the WWE 2K24 Cover?
3
Windmill: Pokémon
4
Overwatch 2 Heroes by Selection Quote
5
Genshin murder mystery
6
Overwatch 2: Ultimate Ability Icons
7
Franchise by Action Figure
8
Legendary or Exotic?
9
Genshin Impact Logic Puzzle
10
Genshin Impact Logic Puzzle Quiz
Explore More
Trending Topics
Disney
NBA
Marvel
Kpop
Anime
Crossword
Harry Potter
Country
Soccer
The Office
Song
NFL
Puzzle
WWE
Pokémon
hide this ad
More By:
GuyDude
Quiz
Plays
Rating
Category
Featured
Created
League of Legends Champions by Passive (Patch 5.2)
253
3.00
Gaming
Dec 3, 2013
League of Legends Champions by 'Q' Ability (Patch 5.2)
22
Gaming
Jan 16, 2015
Go to Creator's Profile
Score Distribution
Quiz Creator Spotlight
GuyDude
Follow
Send a Message
Quizzes Created
-
Created Quiz Play Count
-
More By This Creator
Popular Quizzes Today
1
Find the US States - No Outlines Minefield
2
Find the Countries of Europe - No Outlines Minefield
3
The Countries of the World
4
Popular People in 1961
5
1-10 Letter E Words III
6
Find the US States
7
One Thing in Common: World Cities II
8
US States
More Gaming Quizzes
Toys in Other Words
Published
Trending Quizzes
Risky Map Clicking: Least Populous States A-Z
1-10 Letter F Words
1-10 Letter G Words
One Thing in Common: United Kingdom
Risky Map Clicking: Next State Alphabetically
Recently Updated
Leaping Animals
pecheneg
Reality TV Shows (A-Z)
bhenderson79
Rickey Henderson's Hall of Fame Teammates
pecheneg
Champions League XIs: Arsenal
pecheneg
Quick Pick: Celebrities in WWE's Hall of Fame
aduchscher
A-Z Keypad Blitz II
pecheneg
Multiple Oscar Actors
pecheneg
Mystery Phrase Blitz: Oscar 'Best Actors'
pecheneg
F. Scott Fitzgerald Novels
LTH
Pick 3 Villains
ddd62291
Trending Topics
Kpop
Disney
Harry Potter
Crossword
Anime
Marvel
NBA
Puzzle
The Office
WWE
Country
Song
Soccer
Pokémon
NFL
Your Account Isn't Verified!
In order to create a playlist on Sporcle, you need to verify the email address you used during registration. Go to your
Sporcle Settings
to finish the process.
Report this User
Report this user for behavior that violates our
Community Guidelines
.
Details:
Send Report
Go to the Sporcle.com Mobile Site →
Comments